L'enfer - Stromae (all lyrics) - Statistiques

Statistiques générales
  • Ce quiz a été pris 105 fois
  • Le résultat moyen est 172 sur 212
Statistiques - réponses
Réponse % Correct
Et
98%
et
98%
à
97%
a
97%
la
97%
97%
Ça
95%
ça
95%
ce
95%
on
95%
On
95%
pas
95%
Pas
95%
tout
95%
Tout
95%
Ces
94%
fait
94%
j'ai
94%
J'ai
94%
je
94%
seul
94%
c'est
92%
C'est
92%
de
92%
déjà
92%
est?
92%
être
92%
pensé
92%
dans
91%
que
91%
qui
91%
tête
91%
combien
89%
J'suis
89%
quoi
89%
suis
89%
les
88%
me
88%
peu
88%
des
86%
d'moins
86%
pensées
86%
si
86%
y
86%
Beaucoup
85%
enfer
85%
faire
85%
manière
85%
ont
85%
seule
85%
taire
85%
eu
83%
fier
83%
font
83%
j'en
83%
parfois
83%
un
83%
vivre
83%
comptais
82%
Du
82%
suicidaires
82%
d'autres
80%
moi
80%
Mais
78%
coup
77%
croit
77%
plein
75%
Dire
74%
bien
72%
culpabilité?
68%
malgré
68%
même
68%
m'sens
68%
télé?
68%
chaîne
66%
quand
66%
sais
65%
trop
65%
pour
63%
ai
62%
Est-ce
62%
idées
62%
Tu
62%
faut
58%
qu'y
57%
s'arrête
57%
s'changer
57%
toi
57%
vraiment
52%
avec
51%
qu'ça
51%
réfléchi
51%
l'problème
49%
tard
49%
vite
45%
mûrement
43%
Justement,
42%
repart
42%
oublier
40%
réfléchir
38%
Sinon
35%
qu'j'aimerais
34%
Aucun quiz correspondant
Distribution des résultats
% des personnes avec chaque résultat
Percentile par nombre de réponses
Votre historique - résultats
Vous n’avez pas pris ce quiz